000 02008cam a22004574i 4500
003 PE-LiUPU
005 20250731173435.0
008 150706s2012 sp r 000 0 spa d
020 _a9788482679280
035 _a(Sirsi) i9788482679280
040 _aPE-LiUPU
_bspa
_cPE-LiUPU
_erda
049 _aPRUA
082 0 4 _a270
_bG71
_221
100 1 _aGonzález, Justo L. ,
_eautor.
245 1 0 _aBreve historia de la preparación ministerial /
_cJusto L. González.
264 1 _aEspaña :
_bCLIE,
_c2012.
300 _a174 páginas ;
_c21 centímetros
336 _atext
_2rdacontent
337 _aunmediated
_2rdamedia
338 _avolume
_2rdacarrier
505 0 _aLa iglesia antigua -- El catecumenado -- Desde Constantino hasta las invasiones germánicas -- La romanización de los germanos -- Las escuelas de principios del medioevo -- Orígenes del escolasticismo -- Las universidades y la escolástica -- Los últimos siglos de la Edad Media -- En busca de alternativas -- La reforma protestante -- La reforma católica -- La escolástica protestante y el racionalismo -- La reacción pietista -- La educación teológica moderna -- La educación teológica entre ayer y mañana.
526 _aSEG42
526 _aSEG41
526 _aSEG40
526 _aSEG39
526 _aP94
526 _aP87
526 _aP86
526 _aP85
526 _aP77
526 _aP76
526 _aP35
541 _g001-0000706;
650 0 4 _aIglesia
_xHistoria (Ministerio).
910 _agl
_clch
_d20131031
942 _2ddc
_cBOOK
949 _a270 G71
_wDEWEY
_c1
_i68499
_lCCODEBUL1
_mBUL
_p18.00
_r0
_sY
_tBOOK
_u2015-7-6
_xTEOLOGIA
_PP35
_o.STAFF. Colección Teología
994 _aC0
_bPEPRU
596 _a1
999 _a270 G71
_wDEWEY
_c55881
_i68499
_d55881
_e2018-5-18
_f2021-11-10
_g5
_lCCODEBUL1
_mBUL
_n5
_p18.00
_q16
_r0
_sY
_tBOOK
_u2015-7-6
_xTEOLOGIA
_PP35
_0COMPRA
_o.STAFF. Colección Teología
980 _81
_gALBERTO SANCHEZ Responsable de Automatización